Návrhy regulačných diagramov

Gespeichert in:
Bibliographische Detailangaben
1. Verfasser: Terek, Milan
Weitere Verfasser: Lišková, Iveta
Format: Buchkapitel
Sprache:Slowakisch
Tags: Tag hinzufügen
Keine Tags, Fügen Sie das erste Tag hinzu!

MARC

LEADER 00000naa$a2200000$$$4500
001 0063721
005 20240712102048.3
041 0 |a slo 
044 |a SK 
245 1 0 |a Návrhy regulačných diagramov  |c Milan Terek, Iveta Lišková 
100 1 |a Terek, Milan 
700 1 |a Lišková, Iveta